000 00391nam a2200133Ia 4500
008 100328s9999 xx 000 0 und d
082 _b30036
100 _aजोशी महादेवशास्त्री
245 _aकुमार संभव
260 _bएन.के.
630 _aकुमार संभव
730 _aकुमार संभव
942 _cBOOK
999 _c521024
_d521021